| 000 | 00488nam a22001937a 4500 | ||
|---|---|---|---|
| 003 | OSt | ||
| 005 | 20180116183034.0 | ||
| 008 | 160216b xxu||||| |||| 00| 0 eng d | ||
| 020 | _a9781784151263 | ||
| 040 | _c0 | ||
| 082 | _a658.15 CIMA 2014 CIMA | ||
| 100 | _aCIMA | ||
| 110 | _aCIMA | ||
| 245 |
_aCIMA Text P 1 Management Accounting _cCIMA |
||
| 260 |
_aUK _bKAPLAN Publishing _c2014 |
||
| 300 |
_a650 p. _bPB |
||
| 440 | _aCIMA Text P 1 Management Accounting | ||
| 942 |
_2ddc _cBK |
||
| 999 |
_c351141 _d351141 |
||